Normal view
MARC view
- Maguire, T.Miller
Entry Personal Name
001 - CONTROL NUMBER
- control field: 50014
003 - CONTROL NUMBER IDENTIFIER
- control field: NUST
005 - DATE AND TIME OF LATEST TRANSACTION
- control field: 20210314134515.0
008 - FIXED-LENGTH DATA ELEMENTS
- fixed length control field: 210314|| aca||aabn | a|a d
040 ## - CATALOGING SOURCE
- Original cataloging agency: NUST
- Transcribing agency: NUST
100 ## - HEADING--PERSONAL NAME
- Personal name: Maguire, T.Miller
670 ## - SOURCE DATA FOUND
- Source citation: Work cat.: (NUST): Maguire, T.Miller, The British Army under welington 1811-1833, 1906.
